| 000 | 00820nam a22001935i 4500 | ||
|---|---|---|---|
| 001 | 164180 | ||
| 003 | ES-MaACL | ||
| 005 | 20240424063058.0 | ||
| 008 | 020201s1890 sp |||| | spa d | ||
| 040 |
_aCAM _bspa _cCAM |
||
| 100 | 1 |
_aRuimar, Cándido, _dn. 1862 _9100866 |
|
| 245 | 1 | 0 |
_aJustos por pecadores _b: drama en tres actos y en verso / _coriginal de Cándido Ruiz Martínez. |
| 260 |
_aMadrid : _b[s.n.], _c1890 ( _fR. Velasco, impresor) |
||
| 300 |
_a93 p. ; _c20 cm. |
||
| 500 | 1 | _aEstrenado en el Teatro Español, la noche del 14 de enero de 1890. | |
| 596 | 1 | _aEn verso de antep. consta: "... de la Administración lírico-dramática de Eduardo Hidalgo ..." | |
| 852 |
_aES-MaACL _jT-580-F-1 _z-- Enc. hol., falto de la cub. original _z-- Enc. en un vol. facticio |
||
| 999 |
_c164180 _d164180 |
||